000 00488nam a2200169 i 4500
003 OSt
005 20161013085839.0
008 791213s1978 es c 000 0 spa
040 _cCRI
082 _aSv861
100 1 _aEscobar Velado, Oswaldo
_929578
_d1919-1961
245 1 0 _aTierra azul donde el venado cruza
_cOswaldo Escobar Velado
260 _aSan Salvador
_bCONCULTRA
_c1978
300 _a163 p.
_c22 cm
650 2 4 _921923
_aPoesía salvadoreña
942 _2ddc
_cBK
_hprozim
999 _c26209
_d26209